| 000 | 00797cam a2200217 4500 | ||
|---|---|---|---|
| 001 | L136984 | ||
| 008 | 070307s2007 xxk f 000 0 eng d | ||
| 035 | _a(Sirsi) u136984 | ||
| 041 | 0 | _aeng | |
| 100 | 1 | _aJones, Robert | |
| 245 | 0 | 0 | _aUp, out and away |
| 260 | _c2007 | ||
| 490 | 0 |
_aRICS Business _vMarch 2007, 26-27(2) |
|
| 520 | _aReports on the role compulsory purchase plays in urban regeneration. | ||
| 650 | 2 | 4 | _aLYONS REVIEW |
| 651 | 4 |
_aEngland and Wales _y1543- |
|
| 690 | _aENVIRONMENTAL AND LAND CONSULTANCY-PLANNING AND DEVELOPMENT-COMPULSORY PURCHASE AND COMPENSATION | ||
| 690 | _aPROPERTY-PROPERTY MANAGEMENT-REGENERATION | ||
| 856 | 4 | 0 |
_uhttps://www.rics.org/RICSWEB/getpage.aspx?p=otdxBU23kEWlig9i2RhoTA _zView the article free of charge at www.rics.org... |
| 942 | _n0 | ||
| 999 |
_c106572 _d106572 |
||